Impuesto a las ganancias.Tratamiento de los honorarios de directores y socios administradores para el beneficio de las rentas. (Registro nro. 15284)

Detalles MARC
000 -LEADER
fixed length control field 00400 a2200109 4500
001 - CONTROL NUMBER
control field ART_18501
005 - DATE AND TIME OF LATEST TRANSACTION
control field 20260410161702.0
008 - FIXED-LENGTH DATA ELEMENTS--GENERAL INFORMATION
fixed length control field 260409a
100 1# - MAIN ENTRY--PERSONAL NAME
Personal name Abelenda, Patricia
245 10 - TITLE STATEMENT
Title Impuesto a las ganancias.Tratamiento de los honorarios de directores y socios administradores para el beneficio de las rentas.
773 0# - HOST ITEM ENTRY
Title Revista Impuestos
Related parts - Nº 1 (ene. 2012)
Record control number REV639

No hay ítems disponibles.